| 000 | 00750nam a22001697a 4500 | ||
|---|---|---|---|
| 999 |
_c61534 _d61534 |
||
| 005 | 20240321175255.0 | ||
| 008 | 240321c2023 ge ||||| |||| 00| 0 geo d | ||
| 022 | _a0131-3459 | ||
| 041 | _ageo | ||
| 245 |
_aჭოროხი : _b2023. სალიტერატურო-სამხატვრო და საზოგადოებრივი ჟურნალი / _cმთავარი რედაქტორი სანდრო ბერიძე. |
||
| 260 |
_aბათუმი, _c1958- |
||
| 300 | _aV. | ||
| 653 | _aლიტერატურული აჭარა | ||
| 653 | _aპერიოდიკა | ||
| 700 |
_aბერიძე, სანდრო _eრედაქტორი _921540 |
||
| 942 |
_2udc _cCR |
||